|
|
|
|
| LEADER |
00000nab a2200000 4500 |
| 001 |
vtls011742486 |
| 003 |
SK-MaSNL |
| 005 |
20260304165549.0 |
| 008 |
180220|2017 xo |||| || ||00 0|slo |
| 015 |
|
|
|a SNBRB2018/02
|
| 040 |
|
|
|a SPKCL
|b slo
|e rda
|
| 041 |
|
|
|a slo
|
| 043 |
|
|
|a e-lu- - -
|
| 044 |
|
|
|a xo
|c SK
|
| 072 |
|
7 |
|a 37
|x Výchova a vzdelávanie
|2 konspekt
|
| 072 |
|
7 |
|a 796
|x Šport. Hry. Telesné cvičenia
|2 konspekt
|
| 080 |
|
|
|a 37.016:796/799
|2 2011
|
| 080 |
|
|
|a 37.0:001.895
|2 2011
|
| 080 |
|
|
|a 005.745
|x (435.9)
|2 2011
|
| 100 |
1 |
|
|a Luptáková, Gabriela
|4 aut
|9 356917
|
| 245 |
1 |
0 |
|a 12. Európsky kongres Medzinárodnej federácie telesnej výchovy
|c Gabriela Luptáková, Branislav Antala
|
| 246 |
3 |
|
|a Dvanásty Európsky kongres Medzinárodnej federácie telesnej výchovy
|
| 246 |
3 |
|
|a Dvanásty európsky kongres Medzinárodnej federácie telesnej výchovy
|
| 300 |
|
|
|b Fotografie
|
| 336 |
|
|
|a text
|b txt
|2 rdacontent
|
| 337 |
|
|
|a bez média
|b n
|2 rdamedia
|
| 338 |
|
|
|a zväzok
|b nc
|2 rdacarrier
|
| 610 |
2 |
7 |
|a Medzinárodná federácia telesnej výchovy
|2 SNKKA
|9 36796
|
| 611 |
2 |
7 |
|a Zmeny v detstve a dospievaní: Súčasné výzvy pre telesnú výchovu
|n (12. :
|d 2017 :
|c Luxemburg, Luxembursko)
|2 snkbucl
|9 1495889
|
| 648 |
|
7 |
|a 2017
|2 snkbucl
|9 347966
|
| 650 |
0 |
7 |
|a medzinárodné inštitúcie a organizácie
|2 SNKPH
|9 73817
|
| 650 |
0 |
7 |
|a kongresy
|2 SNKPH
|9 19200
|
| 650 |
0 |
7 |
|a telesná výchova
|2 SNKPH
|9 708
|
| 650 |
0 |
7 |
|a inovácie vo vzdelávaní
|2 SNKPH
|9 79699
|
| 651 |
|
7 |
|a Luxemburg (Luxembursko)
|2 SNKPH
|9 58706
|
| 700 |
1 |
|
|a Antala, Branislav,
|d 1963-
|4 aut
|9 193263
|
| 773 |
0 |
|
|t Telesná výchova & šport
|g Roč. XXVII, č. 4 (2017), s. 42-43
|x 1335-2245
|
| 958 |
|
|
|a NB
|2 snkbucl
|
| 999 |
|
|
|c 2984807
|d 2986737
|